=LDR 00000nam 2200000 4500 =001 NUTBA000000000005184 =005 20210107104332 =035 ##$$a 0010-101400000000414 =008 210107################g##########0#ind## =040 ##$$a NBPDMAT =082 ##$$a 333.7 =090 ##$$a 333.7 Tet m =100 #$$a Tetti Ernawati =245 1#$$a Mengantisipasi kebutuhan manusia dan sumber daya yang terbatas /$c Tetti Ernawati; Annayanti Budiningsih.-- =250 ##$$a cet.1 =260 ##$$a Jakarta :$b Rama edukasitama,$c 2010 =300 ##$$a iv, 44 hlm : $b ilus ; $c 25 x 17 cm =650 #4$$a Sumber Daya Alam =700 #$$a Annayanti Budiningsih =850 ##$$a NBPDMAT =084 ##$$a 333.7 TET m =990 ##$$a 21412312 =990 ##$$a 21412313 =990 ##$$a 21412314 =990 ##$$a 21412315 =990 ##$$a 21412316